County Seats Of New Hampshire - Statistics

General Stats
  • This quiz has been taken 38 times
  • The average score is 6 of 10
Answer Stats
County Shire town % Correct
Merrimack Concord
95%
Hillsborough Manchester & Nashua
95%
Cheshire Keene
75%
Strafford Dover
70%
Belknap Laconia
65%
Carroll Ossipee
55%
Coös Lancaster
50%
Grafton North Haverhill
45%
Rockingham Brentwood
40%
Sullivan Newport
40%
No matching quizzes found
Score Distribution
Percent of People with Each Score
Percentile by Number Answered
Your Score History
You have not taken this quiz